00688nam a2200205Ia 4500003000900000008004100009020001800050040001600068080001900084245015900103260003600262300001600298650001400314650004100328650001700369650002900386700002200415700002000437700002500457IN-BaIIA211028s9999 xx 000 0 eng d a0-8243-0927-8 cIIA Library a(05)52bANN-27 0aAnnual review of astronomy and astrophysicsbvol. 27cedited by Burbidge, G Layzer, D and Phillips, J. G  aPalo AltobAnnual Reviewsc1989 aviii, 773p. aAstronomy aAstronomy and Astrophysics Thesaurus aAstrophysics aTheoretical astrophysics aBurbidge, G., ed. aLayzer, D., ed. aPhillips, J. G., ed.